000 02432nam a22003497a 4500
001 22754862
003 TZ-ArACH
005 20251127095542.0
008 220817s2023 nyu b 001 0 eng
010 _a 2022033759
020 _a9781032162713
_q(Hardback)
020 _a9781032162737
_q(Paperback)
020 _z9781003247821
_q(eBook)
035 _a22754862
040 _aDLC
_beng
_cDLC
_erda
042 _apcc
050 0 0 _aJZ5588
_b.S4297 2023
245 0 0 _aSecurity studies:
_bAn introduction
_cEdited by Paul D. Williams and Matt McDonald.
250 _a4th ed.
260 _aLondon:
_bRoutledge;
_c2023
300 _axxi, 706 p.:
500 _aThird edition: 2018.
504 _aIncludes bibliographical references and index.
520 _a"Security Studies: An Introduction, 4th edition, is the most comprehensive textbook available on the subject, providing students with in-depth coverage of traditional and critical approaches and an essential grounding in the debates, frameworks, and issues of the contemporary security agenda. This new edition has been completely revised and updated, to cover major developments such as COVID-19, the rise of populism, climate change, China and Russia's place in the world, and the Trump administration. It also includes new chapters on great power rivalry, new technologies, and economic threats. Divided into four parts, the text provides students with a detailed, accessible overview of the major theoretical approaches, key themes, and most significant issues within security studies. Part 1 explores the main theoretical approaches from both traditional and critical standpoints Part 2 explains the central concepts underpinning contemporary debates Part 3 presents an overview of the institutional security architecture Part 4 examines some of the key contemporary challenges to global security Collecting these related strands into a single textbook creates a valuable teaching tool and a comprehensive, accessible learning resource for undergraduates and MA students"--
650 0 _aSecurity, International.
700 1 _aWilliams, Paul D.,
_eEditor.
700 1 _aMcDonald, Matt,
_eEditor.
776 0 8 _iOnline version:
_tSecurity studies
_bFourth Edition.
_dNew York : Routledge, 2023
_z9781003247821
_w(DLC) 2022033760
906 _a7
_bcbc
_corignew
_d1
_eecip
_f20
_gy-gencatlg
942 _2lcc
_cBOOK
999 _c7721
_d7721